000 00702nam a2200229 i 4500
001 C2-0261315
003 PPAK
005 20180727230823.0
008 041215s1984 io a|||| ||||| | may d
040 _aPPAK
_beng
_cPPAK
_erda
082 0 4 _a616.858
_223
090 0 0 _a616.858
_bSCH
_dKAA
100 1 _aSchreiber, Flora Rheta,
_eauthor
245 1 0 _aSybil :
_bkisah nyata seorang gadis dengan 16 kepribadian
264 1 _aJakarta, Indonesia :
_bSinar Harapan ,
_c1984
300 _a490 pages :
_billustrations ;
_c20 cm
336 _2rdacontent
_atext
337 _2rdamedia
_aunmediated
338 _2rdacarrier
_avolume
650 1 0 _aMultiple Personality - Patients - Biography
942 _ddc
_cB
999 _c72014
_d72014